[Event "Bad Soden U14 op"]
[Site "Bad Soden"]
[Date "2017.10.02"]
[Round "6"]
[White "Albrecht, Edwin"]
[Black "Rahimova, Sarah"]
[Result "1-0"]
[WhiteElo "952"]
[BlackElo "987"]
[PlyCount "93"]
[EventDate "2017.09.30"]
[EventType "swiss"]
[EventRounds "9"]
[EventCountry "GER"]
[SourceTitle "EXT 2019"]
[Source "ChessBase"]
[SourceDate "2018.10.10"]
[SourceVersion "1"]
[SourceVersionDate "2018.10.10"]
[SourceQuality "1"]

1. e4 c5 2. Nf3 Nc6 3. d3 d6 4. Be3 Nf6 5. Nbd2 g6 6. c3 Bg7 7. d4 b6 8. Bb5 Bd7 9. Bc4 0-0 10. 0-0 Be6 11. d5 Bg4 12. dxc6 e6 13. Be2 Qc7 14. h3 Bxf3 15. Bxf3 Rfe8 16. Re1 Qxc6 17. e5 Nd5 18. c4 Bxe5 19. cxd5 exd5 20. Rb1 Qd7 21. Bxd5 Rac8 22. Nf3 Qf5 23. Nxe5 Rxe5 24. Bf3 d5 25. Bg4 Qe4 26. Bxc8 f5 27. Qd2 Qa4 28. Bf4 Re4 29. Rxe4 Qxe4 30. Re1 Qa4 31. Be6+ Kf8 32. Qxd5 Qxf4 33. Qd8+ Kg7 34. Qe7+ Kh6 35. g3 Qd2 36. Bg8 Qxb2 37. Qh4+ Kg7 38. Re7+ Kf8 39. Qxh7 Qa1+ 40. Kg2 Qf6 41. Qf7+ Qxf7 42. Rxf7+ Kxg8 43. Rxa7 c4 44. Rc7 b5 45. a4 b4 46. Rxc4 b3 47. Rb4 1-0

[Event "Frankfurt-chB"]
[Site "Frankfurt"]
[Date "2016.05.30"]
[Round "5"]
[White "Falk, Aniko Tim"]
[Black "Albrecht, Edwin"]
[Result "1-0"]
[WhiteElo "1191"]
[BlackElo "838"]
[PlyCount "99"]
[EventDate "2016.04.25"]
[EventType "swiss"]
[EventRounds "9"]
[EventCountry "GER"]
[SourceTitle "EXT 2018"]
[Source "ChessBase"]
[SourceDate "2017.10.13"]
[SourceVersion "1"]
[SourceVersionDate "2017.10.13"]
[SourceQuality "1"]

1. e4 e5 2. Nf3 Nc6 3. Bb5 Bc5 4. 0-0 Nf6 5. Bxc6 bxc6 6. d4 Bb6 7. Nc3 d6 8. dxe5 dxe5 9. Qxd8+ Kxd8 10. Rd1+ Ke7 11. Nxe5 Bb7 12. Bg5 Rhe8 13. Bxf6+ gxf6 14. Nc4 Ba6 15. Nxb6 cxb6 16. f3 b5 17. b4 Kf8 18. a4 Re6 19. axb5 cxb5 20. Ra5 Rb8 21. Rd5 Reb6 22. Rf5 Kg7 23. Nd5 Rc6 24. c3 Bc8 25. Ne7 Bxf5 26. Nxc6 Rb6 27. Nxa7 Bd7 28. Kf2 Kf8 29. Ke3 Ke7 30. Kd4 Kd6 31. c4 bxc4 32. Kxc4 Be6+ 33. Kc3 Rb7 34. Nb5+ Kc6 35. Nd4+ Kd7 36. Nxe6 fxe6 37. Rh5 Kd6 38. Kc4 Rc7+ 39. Kb5 Rb7+ 40. Ka5 Ra7+ 41. Kb6 Rc7 42. Rc5 Rd7 43. b5 h6 44. Rc6+ Ke7 45. Rc7 Kd6 46. Rxd7+ Kxd7 47. Kb7 Kd6 48. b6 Kc5 49. Kc7 Kb5 50. b7 1-0

[Event "Frankfurt-chB"]
[Site "Frankfurt"]
[Date "2016.05.23"]
[Round "4"]
[White "Albrecht, Edwin"]
[Black "Lachmann, Irma"]
[Result "1-0"]
[WhiteElo "838"]
[BlackElo "743"]
[PlyCount "81"]
[EventDate "2016.04.25"]
[EventType "swiss"]
[EventRounds "9"]
[EventCountry "GER"]
[SourceTitle "EXT 2018"]
[Source "ChessBase"]
[SourceDate "2017.10.13"]
[SourceVersion "1"]
[SourceVersionDate "2017.10.13"]
[SourceQuality "1"]

1. e4 Nc6 2. Nf3 f6 3. Bc4 e6 4. c3 Bd6 5. d4 e5 6. d5 Na5 7. Bd3 Ne7 8. Be3 c6 9. c4 Qc7 10. Nc3 b6 11. a3 c5 12. Nb5 Qb8 13. b4 cxb4 14. Nxd6+ Qxd6 15. axb4 Qxb4+ 16. Bd2 Qc5 17. Be3 Qb4+ 18. Nd2 Qc3 19. Ra2 Qxd3 20. Rc2 Ba6 21. Qc1 Rc8 22. Rc3 Rxc4 23. Nxc4 Nb3 24. Qb2 Bxc4 25. Rxd3 b5 26. Rc3 a6 27. Qa3 a5 28. Rxb3 b4 29. Rxb4 axb4 30. Qxb4 Ba6 31. Qd6 Bc8 32. Bc5 Kf7 33. Qxe7+ Kg6 34. 0-0 Ba6 35. Re1 Rb8 36. Qxd7 Rb2 37. Qg4+ Kf7 38. h3 g6 39. Ra1 Bd3 40. Ra7+ Kg8 41. Qc8# 1-0

[Event "Frankfurt-chB"]
[Site "Frankfurt"]
[Date "2016.05.09"]
[Round "3"]
[White "Haardt, Oliver"]
[Black "Albrecht, Edwin"]
[Result "1-0"]
[WhiteElo "1152"]
[BlackElo "838"]
[PlyCount "111"]
[EventDate "2016.04.25"]
[EventType "swiss"]
[EventRounds "9"]
[EventCountry "GER"]
[SourceTitle "EXT 2018"]
[Source "ChessBase"]
[SourceDate "2017.10.13"]
[SourceVersion "1"]
[SourceVersionDate "2017.10.13"]
[SourceQuality "1"]

1. Nc3 e5 2. e4 d6 3. Nf3 c5 4. d3 Nc6 5. Bg5 Be7 6. Qd2 h6 7. Bxe7 Ngxe7 8. g3 Bg4 9. Bg2 Bxf3 10. Bxf3 Nd4 11. Bg4 0-0 12. 0-0-0 Qb6 13. Na4 Qb5 14. b3 Nec6 15. c3 Nxb3+ 16. axb3 Qxb3 17. Qc2 Qa3+ 18. Kd2 b5 19. Bd7 Na5 20. Bxb5 Nb3+ 21. Ke2 Rab8 22. Bc6 Rfc8 23. Bd7 Rc7 24. Bg4 Qxa4 25. Kf1 c4 26. Kg2 cxd3 27. Qxd3 Rc4 28. Qxd6 Rb6 29. Qd8+ Kh7 30. Qe7 Rxe4 31. Bf5+ Rg6 32. Bxg6+ Kxg6 33. Rd6+ f6 34. Rd7 Re2 35. Qxg7+ Kf5 36. Qh7+ Ke6 37. Re7+ Kd5 38. Rd1+ Nd2 39. Qd3+ Kc6 40. Qxe2 Kd6 41. Rh7 Qc6+ 42. f3 e4 43. Qxd2+ Ke6 44. Qa2+ Kf5 45. Qa5+ Kg6 46. Rf1 Kxh7 47. Qxa7+ Kg6 48. Qe3 f5 49. f4 Kg7 50. h4 h5 51. Rd1 Qg6 52. Qd4+ Kh6 53. Qd8 Qg4 54. Qf8+ Kh7 55. Rd7+ Kg6 56. Qd6# 1-0

[Event "Frankfurt-chB"]
[Site "Frankfurt"]
[Date "2016.04.25"]
[Round "1"]
[White "Schaefer, Dieter"]
[Black "Albrecht, Edwin"]
[Result "1-0"]
[WhiteElo "1326"]
[BlackElo "838"]
[PlyCount "87"]
[EventDate "2016.04.25"]
[EventType "swiss"]
[EventRounds "9"]
[EventCountry "GER"]
[SourceTitle "EXT 2018"]
[Source "ChessBase"]
[SourceDate "2017.10.13"]
[SourceVersion "1"]
[SourceVersionDate "2017.10.13"]
[SourceQuality "1"]

1. d4 d6 2. c4 e5 3. dxe5 dxe5 4. Qxd8+ Kxd8 5. e4 Bc5 6. Nf3 Nf6 7. Bg5 Be6 8. Nxe5 Re8 9. Nc3 c6 10. Be2 h6 11. Bxf6+ gxf6 12. Nf3 f5 13. 0-0 fxe4 14. Nxe4 Bb6 15. Rad1+ Ke7 16. b4 Nd7 17. Rd2 Ne5 18. Rfd1 Nxc4 19. Bxc4 Bxc4 20. Rd7+ Kf8 21. Nf6 Re6 22. Ng4 Re4 23. h3 Be6 24. Rxb7 Bxg4 25. hxg4 Rxg4 26. Rdd7 Re8 27. Rxf7+ Kg8 28. g3 Re2 29. Nh2 Bxf2+ 30. Rxf2 Rxg3+ 31. Kf1 Ree3 32. Rxa7 h5 33. Rd7 h4 34. Rd4 h3 35. Rg4+ Kh8 36. Rf5 Rxg4 37. Nxg4 Rg3 38. Rf4 Kg7 39. Kf2 Rxg4 40. Rxg4+ Kh6 41. Rh4+ Kg5 42. Rxh3 Kg4 43. Re3 Kf4 44. a4 1-0